Elektronické publikovanie a online katalóg sú v knižnici samozrejmosťou

Bibliographic Details
Other Authors: Urmaničová, Kamila (Interviewer)
Format: Article
Language:Slovak
PhysicalDescription:Fotogr.
ISSN:1337-9208
Subjects:

MARC

LEADER 00000nab a2200000 a 4500
001 vtls010275304
003 SK-MaSNL
005 20260303092415.0
008 110503c201102 xo r p 000 00slo
015 |a SNBRB2011/05SVKPO 
038 |a SVKPOCL 
040 |a SVKPOCL  |b slo  |c SVKPOCL  |e AACR2 
041 |a slo 
044 |a xo  |c SK 
080 |a 027.7:378.4(437.671.117.176)  |2 2001 
080 |a 023.4/.5  |2 2001 
100 1 |a Urmaničová, Kamila  |4 ivr  |9 265670 
245 1 0 |a Elektronické publikovanie a online katalóg sú v knižnici samozrejmosťou  |c s riaditeľom UK PU v Prešove Ing. Petrom Haľkom sa zhovárala Kamila Urmaničová 
300 |a Fotogr. 
600 1 7 |a Haľko, Peter,  |d 1968-  |2 svkpocl  |9 182073 
610 2 7 |a Prešovská univerzita v Prešove.  |b Univerzitná knižnica  |2 svkpocl  |9 74858 
651 7 |a Prešov (Slovensko)  |2 svkpocl  |9 17347 
700 1 |a Haľko, Peter,  |d 1968-  |4 ive  |9 182073 
773 0 |t Na PUlze... : časopis Prešovskej univerzity  |g Roč. IV, č. 2 (apríl 2011), s. 56-57  |x 1337-9208 
852 |a SVKPO  |b KIS3GCP 
958 |a NB 
958 |a SK 
999 |c 1812134  |d 1814064